Tratado de psiquiatría legal y forense (Registro nro. 2585)

Detalles MARC
000 -Cabecera
Campo de control de longitud fija 01474aam a2200517 4500
005 - Fecha y hora de la última transacción
Campo de control 20250626174413.0
008 - Elementos de longitud fija--Información general
Campo de control de longitud fija 150603b2010 xxu||||| |||| 00| 0 spa d
020 ## - International Standard Book Number
Número Internacional Estándar del Libro (ISBN) 9788481267730
041 ## - Idioma
Código de idioma Español
082 ## - Clasificación Decimal Dewey
Número de clasificación 614.15 C313t4
100 ## - Entrada principal--Autor personal
Nombre personal Carrasco Gómez, Juan José
9 (RLIN) 22633
100 ## - Entrada principal--Autor personal
Nombre personal Maza Martin, Jose Manuel
9 (RLIN) 62151
245 ## - Título propiamente dicho
Título Tratado de psiquiatría legal y forense
260 ## - Pie de imprenta
Lugar de publicación, distribución, etc. España
260 ## - Pie de imprenta
Nombre del editor, distribuidor, etc. Wolters Kluwer
260 ## - Pie de imprenta
Fecha de publicación, distribución, etc. 2010
300 ## - Descripción física
Extensión 2028 páginas
490 ## - Serie
Título de la Serie Investigación Criminal
650 ## - Materia general
Temática (materia general) PSIQUIATRIA FORENSE
650 ## - Materia general
Temática (materia general) PSICOPATOLOGÍAS
650 ## - Materia general
Temática (materia general) DERECHO PENAL
650 ## - Materia general
Temática (materia general) MEDIDAS DE SEGURIDAD
650 ## - Materia general
Temática (materia general) AUTOR DEL DELITO
650 ## - Materia general
Temática (materia general) RESPONSABILIDAD CRIMINAL
650 ## - Materia general
Temática (materia general) VICTIMOLOGÍA
650 ## - Materia general
Temática (materia general) LESIONES PSÍQUICAS
650 ## - Materia general
Temática (materia general) INTERNAMIENTOS PSIQUIÁTRICOS
650 ## - Materia general
Temática (materia general) TRASTORNOS DE PERSONALIDAD
650 ## - Materia general
Temática (materia general) DERECHO ADMINISTRATIVO
650 ## - Materia general
Temática (materia general) DERECHO LABORAL
650 ## - Materia general
Temática (materia general) PRUEBA PERICIAL
650 ## - Materia general
Temática (materia general) PROCEDIMIENTOS MATRIMONIALES
650 ## - Materia general
Temática (materia general) DERECHO PROCESAL
650 ## - Materia general
Temática (materia general) ENFERMEDAD PROFESIONAL
650 ## - Materia general
Temática (materia general) RESPONSABILIDAD PROFESIONAL
650 ## - Materia general
Temática (materia general) TRASTORNOS PSIQUICOS
650 ## - Materia general
Temática (materia general) DEMENCIAS
650 ## - Materia general
Temática (materia general) TRASTORNOS MENTALES
650 ## - Materia general
Temática (materia general) ESQUIZOFRENIA
650 ## - Materia general
Temática (materia general) TRASTORNOS SEXUALES
650 ## - Materia general
Temática (materia general) MIGRACIONES
650 ## - Materia general
Temática (materia general) VIOLENCIA FAMILIAR
650 ## - Materia general
Temática (materia general) MALTRATO FAMILIAR
650 ## - Materia general
Temática (materia general) DELITOS CONTRA LA LIBERTAD
942 ## - Punto de acceso adicional KOHA
Tipo de ítem KOHA Libro
Fuente del sistema de clasificación o colocación Dewey Decimal Classification
Existencias
Signatura completa Código de barras Programa Académico Tipo de ítem
614.15 C313t4 15655 Investigación Criminal Libro